I sei paesi più vicini: la Mongolia - Statistics

Statistiche generali
  • Questo quiz è stato fatto 45 volte
  • Il punteggio medio è 4 su 6
Statistiche sulle risposte
km paese % Corretto
0 Cina
100%
0 Russia
100%
39 Kazakistan
71%
770 Corea del Nord
63%
1102 Corea del Sud
58%
920 Kirghizistan
18%
Nessun quiz corrispondente trovato
Distribuzione punteggi
Percentuale di utenti per punteggio
Percentile per numero di risposta
I tuoi punteggi nel tempo
Non hai fatto questo quiz